[Event "Chigorin Memorial 2018"]
[Site "St. Petersburg"]
[Date "2018.11.02"]
[Round "7.35"]
[White "Anikonov, Dmitry"]
[Black "Martynyuk, Elizaveta"]
[Result "0-1"]
[WhiteElo "2382"]
[BlackElo "2076"]
[PlyCount "108"]
[EventDate "2018.10.27"]
[EventType "swiss"]
[EventCountry "RUS"]
[WhiteTeam "Russland"]
[BlackTeam "Russland"]
[WhiteTeamCountry "RUS"]
[BlackTeamCountry "RUS"]

1. d4 d5 2. c4 c6 3. Nf3 Nf6 4. g3 Bf5 5. Nc3 e6 6. Nh4 Be4 7. f3 Bg6 8. Qb3 Qc8 9. Nxg6 hxg6 10. Bg2 Bd6 11. O-O Nbd7 12. Bd2 Qc7 13. f4 O-O 14. c5 Be7 15. Qc2 b6 16. b4 a5 17. a3 axb4 18. axb4 Ra7 19. Ra4 b5 20. Ra2 Rfa8 21. Rfa1 Qb7 22. Bf3 Nh7 23. e4 Rxa2 24. Rxa2 Rxa2 25. Qxa2 dxe4 26. Bxe4 Nhf6 27. Bd3 Nf8 28. Qa5 Qd7 29. Ne2 Qd5 30. h3 Qb3 31. Nc3 Nd5 32. Qa2 Qxa2 33. Nxa2 Bf6 34. Nc1 Bxd4+ 35. Kg2 Be3 36. Bxe3 Nxe3+ 37. Kf3 Nd5 38. Na2 Nd7 39. Be4 N7f6 40. Bd3 Kf8 41. g4 Ke7 42. Bc2 Ne8 43. Be4 Nec7 44. g5 Kd7 45. h4 Na6 46. Bxd5 exd5 47. f5 gxf5 48. h5 Ke6 49. Kf4 d4 50. Nc1 Nxb4 51. Nb3 Nd5+ 52. Kf3 Ke5 53. Na5 Ne7 54. Nb7 b4 0-1

[Event "Chigorin Memorial 2018"]
[Site "St. Petersburg"]
[Date "2018.11.02"]
[Round "7.36"]
[White "Pierecker, Markus"]
[Black "Makarian, Rudik"]
[Result "0-1"]
[WhiteElo "2180"]
[BlackElo "2366"]
[PlyCount "116"]
[EventDate "2018.10.27"]
[EventType "swiss"]
[EventCountry "RUS"]
[WhiteTeam "Österreich"]
[BlackTeam "Russland"]
[WhiteTeamCountry "AUT"]
[BlackTeamCountry "RUS"]

1. d4 Nf6 2. c4 e6 3. Nf3 d5 4. Nc3 Be7 5. Bg5 O-O 6. e3 Nbd7 7. Be2 c6 8. O-O dxc4 9. a4 a5 10. Bxc4 Nb6 11. Bd3 Nbd5 12. Rc1 Nd7 13. Bxe7 Qxe7 14. Qd2 Nb4 15. Bc4 e5 16. dxe5 Nxe5 17. Nxe5 Qxe5 18. f4 Qf5 19. Kh1 Be6 20. e4 Qf6 21. Bxe6 fxe6 22. e5 Qf5 23. Rcd1 Nd5 24. Nxd5 cxd5 25. Rf3 Rac8 26. Qxa5 Rc2 27. Qb6 Rfc8 28. Rg1 h6 29. Qxb7 R8c7 30. Qb5 R7c5 31. Qe8+ Kh7 32. h3 d4 33. Qe7 Qg6 34. Kh2 Rc7 35. Qd6 Qe4 36. Rgf1 Rb7 37. b4 Rf7 38. R1f2 d3 39. Kg3 Qg6+ 40. Kh2 Qe4 41. Kg3 g5 42. Qxe6 gxf4+ 43. Kh2 Rg7 44. Qd6 Qxf3 45. gxf3 Rxf2+ 46. Kh1 Rf1+ 47. Kh2 Rf2+ 48. Kh1 Rxf3 49. Kh2 Rf2+ 50. Kh1 Rf1+ 51. Kh2 Rf2+ 52. Kh1 Rf3 53. Kh2 Rfg3 54. h4 R7g4 55. Qd7+ Kg6 56. h5+ Kg5 57. Qe7+ Kf5 58. Qf7+ Ke4 0-1

[Event "Chigorin Memorial 2018"]
[Site "St. Petersburg"]
[Date "2018.11.02"]
[Round "7.38"]
[White "Sadovsky, Artem"]
[Black "Zhuravlev, Stepan"]
[Result "1-0"]
[WhiteElo "2408"]
[BlackElo "2114"]
[PlyCount "125"]
[EventDate "2018.10.27"]
[EventType "swiss"]
[EventCountry "RUS"]
[WhiteTeam "Russland"]
[BlackTeam "Russland"]
[WhiteTeamCountry "RUS"]
[BlackTeamCountry "RUS"]

1. c4 e6 2. Nf3 d5 3. g3 Nf6 4. Bg2 Be7 5. O-O O-O 6. Qc2 c6 7. b3 Nbd7 8. Bb2 b6 9. d3 Bb7 10. e4 c5 11. cxd5 exd5 12. Re1 dxe4 13. dxe4 Qc7 14. Nbd2 Rad8 15. e5 Nd5 16. Qf5 Qc6 17. e6 fxe6 18. Qh3 Bf6 19. Rxe6 Qc8 20. Bxf6 N7xf6 21. Nc4 Rfe8 22. Rxe8+ Rxe8 23. Nd6 Qxh3 24. Bxh3 Re7 25. Nxb7 Rxb7 26. Be6+ Kf8 27. Rd1 Nc3 28. Rd2 Re7 29. Bf5 g6 30. Bc8 Re2 31. a4 Rxd2 32. Nxd2 Ne2+ 33. Kg2 Nd4 34. f4 Ke7 35. h3 Nd5 36. Kf2 Nc7 37. Ke3 a6 38. Ke4 b5 39. g4 Kd6 40. Bb7 Nde6 41. Bc8 Nd4 42. h4 Ke7 43. Bb7 Kd6 44. f5 gxf5+ 45. gxf5 Ne2 46. a5 h6 47. Bc8 Nc3+ 48. Kd3 N3d5 49. Ne4+ Ke5 50. Nxc5 Ne7 51. Nxa6 Ncd5 52. Bd7 Nf4+ 53. Kd2 Kd6 54. Bxb5 Nxf5 55. b4 Nxh4 56. Be8 Nf5 57. b5 Ne6 58. b6 Nd8 59. Nb4 Ne7 60. a6 Nc8 61. b7 Nxb7 62. axb7 Kc7 63. Bc6 1-0

[Event "Chigorin Memorial 2018"]
[Site "St. Petersburg"]
[Date "2018.11.02"]
[Round "7.39"]
[White "Bhambure, Shantanu"]
[Black "Stupak, Kirill"]
[Result "0-1"]
[WhiteElo "2243"]
[BlackElo "2583"]
[Annotator "TA"]
[PlyCount "88"]
[EventDate "2018.10.27"]
[EventType "swiss"]
[EventCountry "RUS"]
[WhiteTeam "Indien"]
[BlackTeam "Weißrussland"]
[WhiteTeamCountry "IND"]
[BlackTeamCountry "BLR"]

1. Nf3 Nf6 2. d4 e6 3. Bg5 c5 4. e3 cxd4 5. exd4 b6 6. Nbd2 Bb7 7. Bd3 Be7 8. Bxf6 Bxf6 9. Qe2 Qc7 10. c3 a6 11. a4 Nc6 12. h4 Ne7 13. Be4 Nd5 14. g3 h6 15. O-O Be7 16. c4 Nb4 17. Bxb7 Qxb7 18. a5 bxa5 19. Rxa5 O-O 20. b3 Rfe8 21. Rc1 d5 22. c5 Nc6 23. Ra4 Bf6 24. Qe3 a5 25. Ne5 Bxe5 26. dxe5 Rab8 27. h5 Red8 28. f4 Qb5 29. Raa1 Rbc8 30. g4 d4 31. Qg3 d3 32. Rc4 Nd4 33. Qxd3 Rxc5 34. Ne4 Rxc4 35. bxc4 Qb2 36. Re1 a4 37. g5 Qb3 38. Qxb3 Nxb3 39. Nc3 a3 40. gxh6 Rd3 41. Na2 Rd2 42. Nb4 gxh6 43. Re3 Rb2 44. Rc3 Nc5 0-1

[Event "Chigorin Memorial 2018"]
[Site "St. Petersburg"]
[Date "2018.11.02"]
[Round "7.40"]
[White "Kabanov, Nikolai"]
[Black "Ageichenko, Genadi A"]
[Result "1-0"]
[WhiteElo "2481"]
[BlackElo "2225"]
[Annotator "TA"]
[PlyCount "85"]
[EventDate "2018.10.27"]
[EventType "swiss"]
[EventCountry "RUS"]
[WhiteTeam "Russland"]
[BlackTeam "Russland"]
[WhiteTeamCountry "RUS"]
[BlackTeamCountry "RUS"]

1. e4 e5 2. Nf3 Nc6 3. d4 exd4 4. Nxd4 Bc5 5. Nb3 Bb6 6. Nc3 d6 7. Qe2 Nge7 8. Be3 O-O 9. O-O-O Be6 10. f4 Qe8 11. Kb1 f5 12. Nb5 Rc8 13. Bxb6 axb6 14. exf5 Nxf5 15. Qd2 Bxb3 16. axb3 Ne3 17. Re1 Nxf1 18. Rhxf1 Qh5 19. Qd3 Kh8 20. f5 Qf7 21. g4 Rce8 22. h3 Re5 23. Rxe5 Nxe5 24. Qe4 Qd7 25. Nd4 c5 26. Ne6 Re8 27. Rd1 Nf7 28. Qf4 Qc6 29. g5 b5 30. b4 b6 31. Qg4 Ne5 32. Qh5 g6 33. Qh6 Rg8 34. Nf8 Qb7 35. Nxg6+ Nxg6 36. fxg6 Rxg6 37. Qf8+ Rg8 38. Qxd6 cxb4 39. Qxb4 Qg7 40. h4 h6 41. Qxb5 hxg5 42. hxg5 Qb7 43. Qe5+ 1-0

[Event "Chigorin Memorial 2018"]
[Site "St. Petersburg"]
[Date "2018.11.02"]
[Round "7.41"]
[White "Chernyak, Viktoria"]
[Black "Ofitserian, Boris"]
[Result "1/2-1/2"]
[WhiteElo "2200"]
[BlackElo "2411"]
[Annotator "TA"]
[PlyCount "88"]
[EventDate "2018.10.27"]
[EventType "swiss"]
[EventCountry "RUS"]
[WhiteTeam "Russland"]
[BlackTeam "Russland"]
[WhiteTeamCountry "RUS"]
[BlackTeamCountry "RUS"]

1. d4 Nf6 2. c4 b6 3. Nf3 Bb7 4. g3 e6 5. Bg2 g6 6. Nc3 Bg7 7. O-O Ne4 8. Qc2 Nxc3 9. Qxc3 O-O 10. Bg5 Qe8 11. Qd2 d6 12. Rfe1 Be4 13. Bh6 Nd7 14. b4 Nf6 15. a3 Bb7 16. Rac1 Qa4 17. Bxg7 Kxg7 18. Qb2 Rfe8 19. Red1 Be4 20. Bf1 Re7 21. Re1 Bb7 22. Bg2 Rae8 23. c5 Be4 24. cxd6 cxd6 25. b5 a6 26. bxa6 Qxa6 27. Qb4 Rd8 28. Nd2 Bxg2 29. Kxg2 Ra7 30. Ra1 Rc7 31. Rab1 Nd5 32. Qb2 Nc3 33. Qxb6 Qa8+ 34. f3 Nd5 35. Qb3 Rc3 36. Qb7 Qxa3 37. Ra1 Qb4 38. Ra7 Qxb7 39. Rxb7 Rc2 40. Ne4 h6 41. Kf2 Kf8 42. Ra1 Rc7 43. Raa7 Rxb7 44. Rxb7 f5 1/2-1/2

[Event "Chigorin Memorial 2018"]
[Site "St. Petersburg"]
[Date "2018.11.02"]
[Round "7.42"]
[White "Rohith Krishna S"]
[Black "Khusenkhojaev, Mustafokhuja"]
[Result "1-0"]
[WhiteElo "2403"]
[BlackElo "2229"]
[PlyCount "87"]
[EventDate "2018.10.27"]
[EventType "swiss"]
[EventCountry "RUS"]
[WhiteTeam "Indien"]
[BlackTeam "Tadschikistan"]
[WhiteTeamCountry "IND"]
[BlackTeamCountry "TJK"]

1. d4 Nf6 2. Nf3 g6 3. g3 d5 4. Bg2 Bg7 5. O-O O-O 6. b3 Bf5 7. Bb2 Nbd7 8. c4 c6 9. Nbd2 Re8 10. Rc1 Qa5 11. a3 b5 12. cxd5 cxd5 13. Ne5 Qb6 14. b4 Rac8 15. Nb3 Rxc1 16. Qxc1 Nxe5 17. dxe5 Rc8 18. Qa1 Ne4 19. Bd4 Qb8 20. g4 Bd7 21. f3 Ng5 22. Nc5 Rd8 23. f4 Ne4 24. Bxe4 dxe4 25. h3 Qc8 26. e3 h5 27. Nxd7 Rxd7 28. Rc1 Qa6 29. Qc3 Kh7 30. gxh5 Qe6 31. hxg6+ fxg6 32. Qc6 Qf5 33. Rf1 a6 34. Kg2 Bh6 35. e6 Rd6 36. Qe8 Rxd4 37. Qxe7+ Bg7 38. exd4 e3 39. Qh4+ Kg8 40. Qg4 Qe4+ 41. Qf3 Qc2+ 42. Kh1 Qd2 43. e7 Kf7 44. Qe4 1-0

[Event "Chigorin Memorial 2018"]
[Site "St. Petersburg"]
[Date "2018.11.02"]
[Round "7.43"]
[White "Pogorelskikh, Sergey"]
[Black "Timerkhanov, Alexander"]
[Result "1/2-1/2"]
[WhiteElo "2224"]
[BlackElo "2398"]
[PlyCount "165"]
[EventDate "2018.10.27"]
[EventType "swiss"]
[EventCountry "RUS"]
[WhiteTeam "Russland"]
[BlackTeam "Russland"]
[WhiteTeamCountry "RUS"]
[BlackTeamCountry "RUS"]

1. e4 c5 2. Nf3 d6 3. d4 cxd4 4. Nxd4 Nf6 5. Nc3 a6 6. Bg5 Nbd7 7. f4 Qc7 8. Qf3 h6 9. Bxf6 Nxf6 10. f5 Qc5 11. O-O-O g5 12. fxg6 Bg4 13. gxf7+ Kxf7 14. Qd3 Bxd1 15. Nxd1 Bg7 16. g3 Nxe4 17. Qxe4 Bxd4 18. Bd3 Bf6 19. Re1 Kf8 20. Qxb7 Kf7 21. Qe4 Rab8 22. h4 Kf8 23. Qg6 Rb6 24. Bf5 Qb5 25. Be6 Qe8 26. Qd3 h5 27. Nc3 Kg7 28. Nd5 Qb5 29. Qxb5 Rxb5 30. c4 Bxb2+ 31. Kc2 Rb7 32. Nf4 Be5 33. Nd3 Bf6 34. Bd5 Rbb8 35. Nf4 Rb2+ 36. Kd3 Rxa2 37. Ke4 Kh6 38. Kf5 Be5 39. Nd3 Bf6 40. Nf4 Rf8 41. Ne6 Rf2+ 42. Ke4 Rb8 43. Re3 Be5 44. Ra3 Rbb2 45. Rxa6 Rbe2+ 46. Kd3 Ra2 47. Rxa2 Rxa2 48. c5 Ra3+ 49. Ke4 Bc3 50. c6 Ba5 51. c7 Rc3 52. Kd4 Rc5 53. Nxc5 dxc5+ 54. Ke4 Bxc7 55. Kf3 Kg6 56. g4 hxg4+ 57. Kxg4 Kf6 58. Kf3 Ke5 59. Be4 Kd4 60. h5 Be5 61. h6 c4 62. h7 Bh8 63. Bg6 Kc3 64. Ke2 e6 65. Bf7 e5 66. Bg6 Bg7 67. Bf5 Kd4 68. Kf3 c3 69. Bc2 Kc4 70. Ke2 Kc5 71. Kd3 Kb4 72. Ke2 Ka3 73. Kd1 Bh8 74. Be4 Kb3 75. Bd3 Bg7 76. Bf5 Kb4 77. Ke2 Ka3 78. Kd1 Kb3 79. Bd3 Bh8 80. Bf5 Kc4 81. Ke2 Bg7 82. Bg6 Kd4 83. Kf3 1/2-1/2

[Event "Chigorin Memorial 2018"]
[Site "St. Petersburg"]
[Date "2018.11.02"]
[Round "7.44"]
[White "Yashmetov, Mikhail"]
[Black "Nebolsina, Vera"]
[Result "1-0"]
[WhiteElo "2394"]
[BlackElo "2220"]
[PlyCount "95"]
[EventDate "2018.10.27"]
[EventType "swiss"]
[EventCountry "RUS"]
[WhiteTeam "Russland"]
[BlackTeam "Russland"]
[WhiteTeamCountry "RUS"]
[BlackTeamCountry "RUS"]

1. Nf3 Nf6 2. g3 g6 3. Bg2 Bg7 4. O-O O-O 5. d4 d6 6. b3 Nbd7 7. Bb2 c6 8. Nbd2 Qc7 9. e4 Rd8 10. Qe2 Nf8 11. Rfe1 a5 12. a4 b6 13. e5 Nd5 14. Ne4 Bg4 15. c4 dxe5 16. Neg5 Nb4 17. Nxf7 Kxf7 18. Ng5+ Kg8 19. Qxg4 Nd3 20. Qf3 Nxb2 21. Qf7+ Kh8 22. Bh3 Rd6 23. dxe5 Bxe5 24. Rxe5 Rd1+ 25. Re1 Rxa1 26. Rxa1 Qe5 27. Qxh7+ Nxh7 28. Nf7+ Kg7 29. Nxe5 Rd8 30. Nxc6 Rd3 31. Re1 Ng5 32. Bg4 Rxb3 33. Rxe7+ Kf6 34. h4 Nf3+ 35. Kg2 Nd2 36. Re6+ Kg7 37. Ne5 Nxa4 38. Rxg6+ Kf8 39. Bd1 Ra3 40. Bxa4 Rxa4 41. Rxb6 Ra2 42. h5 Ne4 43. Ng4 a4 44. h6 Ng5 45. Rb8+ Kf7 46. Rb7+ Kg6 47. Rg7+ Kf5 48. Rxg5+ 1-0

[Event "Chigorin Memorial 2018"]
[Site "St. Petersburg"]
[Date "2018.11.02"]
[Round "7.45"]
[White "Palchun, Grigory"]
[Black "Nandhidhaa, P V"]
[Result "1-0"]
[WhiteElo "2394"]
[BlackElo "2212"]
[PlyCount "75"]
[EventDate "2018.10.27"]
[EventType "swiss"]
[EventCountry "RUS"]
[WhiteTeam "Russland"]
[BlackTeam "Indien"]
[WhiteTeamCountry "RUS"]
[BlackTeamCountry "IND"]

1. d4 Nf6 2. Bg5 g6 3. Bxf6 exf6 4. e3 d5 5. c4 dxc4 6. Bxc4 Bd6 7. Nc3 c6 8. Nge2 O-O 9. O-O f5 10. Qc2 Nd7 11. a3 Nf6 12. g3 Qe7 13. Rfe1 Re8 14. Rad1 Bd7 15. Nc1 h5 16. Nd3 h4 17. f4 hxg3 18. hxg3 Be6 19. Bxe6 Qxe6 20. Ne5 Kg7 21. Kg2 Rh8 22. Rh1 c5 23. Qe2 cxd4 24. exd4 Nd5 25. Qf3 Nxc3 26. Rxh8 Rxh8 27. Qxc3 f6 28. Qc4 Qe7 29. Nf3 b5 30. Qd3 Qb7 31. d5 b4 32. axb4 Qxb4 33. Qd4 Qxd4 34. Nxd4 Rb8 35. b3 Rb4 36. Rd3 Kf7 37. Nc6 Rb7 38. Nd8+ 1-0

[Event "Chigorin Memorial 2018"]
[Site "St. Petersburg"]
[Date "2018.11.02"]
[Round "7.46"]
[White "Gogolev, Artem"]
[Black "Tarasov, Ilya"]
[Result "1/2-1/2"]
[WhiteElo "2389"]
[BlackElo "2211"]
[PlyCount "95"]
[EventDate "2018.10.27"]
[EventType "swiss"]
[EventCountry "RUS"]
[WhiteTeam "Russland"]
[BlackTeam "Russland"]
[WhiteTeamCountry "RUS"]
[BlackTeamCountry "RUS"]

1. Nf3 d6 2. d4 Nf6 3. g3 g6 4. b3 Bg7 5. Bb2 O-O 6. Bg2 c6 7. O-O Nbd7 8. Nbd2 Qc7 9. e4 Re8 10. Re1 e5 11. dxe5 Nxe5 12. Nxe5 dxe5 13. Nc4 Bf8 14. Qf3 Bg7 15. Qd3 Bf8 16. a4 b6 17. Bf1 Nd7 18. Red1 Nc5 19. Qf3 Ba6 20. a5 Bxc4 21. axb6 axb6 22. Rxa8 Rxa8 23. Bxc4 Bg7 24. b4 Na4 25. Bc1 b5 26. Bb3 Bf8 27. Qg4 Rd8 28. Rxd8 Qxd8 29. Bg5 Qc7 30. Bd2 c5 31. bxc5 Nxc5 32. Bd5 Na4 33. Qf3 b4 34. Bg5 Nc3 35. Bb3 Nb5 36. Bd8 Qd7 37. Bb6 Kg7 38. h4 f6 39. h5 Be7 40. Be3 g5 41. Kg2 Kh6 42. Ba4 Qb7 43. Bb3 Nc3 44. Bd5 Qc8 45. Bb3 Qb7 46. Bd5 Qc8 47. Bb3 Qb7 48. Bd5 1/2-1/2

[Event "Chigorin Memorial 2018"]
[Site "St. Petersburg"]
[Date "2018.11.02"]
[Round "7.47"]
[White "Saydaliev, Saidakbar"]
[Black "Chibukhchyan, Erik"]
[Result "1-0"]
[WhiteElo "2385"]
[BlackElo "2200"]
[PlyCount "45"]
[EventDate "2018.10.27"]
[EventType "swiss"]
[EventCountry "RUS"]
[WhiteTeam "Usbekistan"]
[BlackTeam "Russland"]
[WhiteTeamCountry "UZB"]
[BlackTeamCountry "RUS"]

1. e4 c5 2. Nf3 e6 3. d4 cxd4 4. Nxd4 Nf6 5. Nc3 d6 6. g4 h6 7. Bg2 Nc6 8. Nxc6 bxc6 9. e5 Nd5 10. exd6 Bxd6 11. Ne4 O-O 12. Nxd6 Qxd6 13. O-O Ba6 14. Re1 c5 15. b3 Rad8 16. c4 Nb4 17. Qxd6 Rxd6 18. Be3 Nd3 19. Red1 Rfd8 20. Rd2 f5 21. Rad1 R6d7 22. Bc6 Rd6 23. Ba4 1-0

[Event "Chigorin Memorial 2018"]
[Site "St. Petersburg"]
[Date "2018.11.02"]
[Round "7.48"]
[White "Salemgareev, Tagir"]
[Black "Eynullayev, Altay"]
[Result "0-1"]
[WhiteElo "2381"]
[BlackElo "2180"]
[PlyCount "76"]
[EventDate "2018.10.27"]
[EventType "swiss"]
[EventCountry "RUS"]
[WhiteTeam "Russland"]
[BlackTeam "Aserbeidschan"]
[WhiteTeamCountry "RUS"]
[BlackTeamCountry "AZE"]

1. e4 c5 2. Nf3 d6 3. d4 cxd4 4. Nxd4 Nf6 5. Nc3 a6 6. Be2 e5 7. Nb3 Be7 8. Be3 Be6 9. Nd5 Nbd7 10. Qd3 O-O 11. O-O Bxd5 12. exd5 g6 13. Qd2 b6 14. a4 Ne8 15. f4 exf4 16. Bxf4 Ne5 17. Bh6 Ng7 18. Nd4 Qd7 19. Kh1 Rfe8 20. Ra3 Bf8 21. Qf4 Qb7 22. Rb3 Qxd5 23. Rxb6 Nh5 24. Bxh5 Bxh6 25. Bf3 Qc4 26. Be2 Bxf4 27. Bxc4 Nxc4 28. Rb4 Nd2 29. Rd1 Rab8 30. Rxb8 Rxb8 31. g3 Be3 32. b3 Bxd4 33. Rxd2 Be5 34. Kg2 Kf8 35. Kf3 Ke7 36. Ke4 Ke6 37. Rd3 Rb4+ 38. Ke3 d5 0-1

[Event "Chigorin Memorial 2018"]
[Site "St. Petersburg"]
[Date "2018.11.02"]
[Round "7.49"]
[White "Vdovin, Vadim"]
[Black "Azimov, Ilyas"]
[Result "1-0"]
[WhiteElo "2369"]
[BlackElo "2162"]
[PlyCount "63"]
[EventDate "2018.10.27"]
[EventType "swiss"]
[EventCountry "RUS"]
[WhiteTeam "Russland"]
[BlackTeam "Russland"]
[WhiteTeamCountry "RUS"]
[BlackTeamCountry "RUS"]

1. e4 c5 2. Nf3 d6 3. d4 cxd4 4. Nxd4 Nf6 5. Nc3 Nc6 6. Bg5 Bd7 7. Bxf6 gxf6 8. Nf5 Qa5 9. Bb5 a6 10. Bxc6 bxc6 11. Qd3 Rb8 12. O-O Rg8 13. b4 Qc7 14. Qxa6 e6 15. Ne3 Bh6 16. a3 Bf4 17. Qd3 h5 18. Ne2 Be5 19. Rad1 d5 20. f4 Bd6 21. c4 Qa7 22. Kh1 Be7 23. f5 c5 24. fxe6 fxe6 25. exd5 Rb6 26. dxe6 Rxe6 27. Nf4 Re5 28. Qh7 Rgg5 29. Ng6 Rxg6 30. Qxg6+ Kd8 31. Nd5 Rg5 32. Qf7 1-0

[Event "Chigorin Memorial 2018"]
[Site "St. Petersburg"]
[Date "2018.11.02"]
[Round "7.50"]
[White "Saveliev, Alexei"]
[Black "Semenenko, Sergey"]
[Result "1-0"]
[WhiteElo "2365"]
[BlackElo "2157"]
[PlyCount "75"]
[EventDate "2018.10.27"]
[EventType "swiss"]
[EventCountry "RUS"]
[WhiteTeam "Russland"]
[BlackTeam "Russland"]
[WhiteTeamCountry "RUS"]
[BlackTeamCountry "RUS"]

1. e4 c5 2. Nf3 d6 3. d4 cxd4 4. Nxd4 Nf6 5. Nc3 a6 6. Be2 e5 7. Nb3 Be7 8. Be3 O-O 9. g4 Be6 10. g5 Nfd7 11. h4 b5 12. Bg4 Bxg4 13. Qxg4 Nb6 14. Bxb6 Qxb6 15. Nd5 Qd8 16. O-O-O a5 17. Rh3 Nd7 18. Rc3 a4 19. Nd2 Nb6 20. Nf1 Nxd5 21. Rxd5 b4 22. Rc4 b3 23. a3 Rc8 24. Rxc8 Qxc8 25. Qxc8 Rxc8 26. Ne3 h6 27. gxh6 Bxh4 28. c3 Bg5 29. h7+ Kxh7 30. Kd2 Ra8 31. Rxd6 f6 32. Kd3 Bxe3 33. Kxe3 Kg6 34. Rd1 Ra7 35. c4 f5 36. c5 Kf6 37. Rd6+ Kg5 38. Re6 1-0

[Event "Chigorin Memorial 2018"]
[Site "St. Petersburg"]
[Date "2018.11.02"]
[Round "7.51"]
[White "Stukan, Martin"]
[Black "Yatzenko, Anton"]
[Result "0-1"]
[WhiteElo "2173"]
[BlackElo "2351"]
[PlyCount "94"]
[EventDate "2018.10.27"]
[EventType "swiss"]
[EventCountry "RUS"]
[WhiteTeam "Russland"]
[BlackTeam "Russland"]
[WhiteTeamCountry "RUS"]
[BlackTeamCountry "RUS"]

1. e4 e5 2. Nf3 Nc6 3. Nc3 Nf6 4. Bb5 Bd6 5. d3 a6 6. Ba4 h6 7. a3 O-O 8. Ne2 Re8 9. Ng3 Bf8 10. O-O d5 11. Re1 d4 12. Bd2 b5 13. Bb3 Be6 14. Bxe6 Rxe6 15. a4 Nb4 16. Re2 Nd7 17. Ne1 c5 18. axb5 axb5 19. Rxa8 Qxa8 20. Bxb4 cxb4 21. b3 Ra6 22. Rd2 g6 23. Qg4 Nf6 24. Qh4 Ra1 25. Kf1 Qc6 26. f4 h5 27. h3 Bh6 28. Ne2 exf4 29. Nxd4 Qc3 30. Qf2 f3 31. Ndxf3 Bxd2 32. Qxd2 Nd7 33. Ke2 Nc5 34. Qxc3 bxc3 35. Nd4 b4 36. Nc6 Ne6 37. Nf3 Nf4+ 38. Ke3 Nxg2+ 39. Kd4 Ne1 40. Nxe1 Rxe1 41. Nxb4 g5 42. Nd5 g4 43. hxg4 h4 44. Nf4 Rf1 45. Nh3 Rf3 46. Ng5 Rg3 47. Kxc3 f6 0-1

[Event "Chigorin Memorial 2018"]
[Site "St. Petersburg"]
[Date "2018.11.02"]
[Round "7.52"]
[White "Eynullayev, Atilla"]
[Black "Karasev, Vladimir I"]
[Result "1-0"]
[WhiteElo "2164"]
[BlackElo "2338"]
[PlyCount "69"]
[EventDate "2018.10.27"]
[EventType "swiss"]
[EventCountry "RUS"]
[WhiteTeam "Aserbeidschan"]
[BlackTeam "Russland"]
[WhiteTeamCountry "AZE"]
[BlackTeamCountry "RUS"]

1. e4 c5 2. Nf3 e6 3. d4 cxd4 4. Nxd4 Nf6 5. Nc3 d6 6. Be3 a6 7. Be2 Qc7 8. f4 Nbd7 9. O-O b5 10. a4 b4 11. Na2 Nxe4 12. Nxb4 Bb7 13. f5 e5 14. Nf3 Qa5 15. c3 Nef6 16. Kh1 Be7 17. Qe1 d5 18. Nc2 Ne4 19. Nd2 Ndf6 20. Nxe4 Nxe4 21. Bf3 O-O 22. Qe2 Bf6 23. Bxe4 dxe4 24. b4 Qc7 25. Bc5 Rfd8 26. Rfd1 Qc6 27. Ne3 Rxd1+ 28. Rxd1 Qxa4 29. Ng4 Bg5 30. Nxe5 e3 31. Nxf7 Bf4 32. Nd8 Qb3 33. Nxb7 Re8 34. Rf1 Re4 35. Bd4 1-0

[Event "Chigorin Memorial 2018"]
[Site "St. Petersburg"]
[Date "2018.11.02"]
[Round "7.53"]
[White "Suleymenov, Alisher"]
[Black "Kochukova, Anna"]
[Result "1-0"]
[WhiteElo "2331"]
[BlackElo "2121"]
[PlyCount "59"]
[EventDate "2018.10.27"]
[EventType "swiss"]
[EventCountry "RUS"]
[WhiteTeam "Kasachstan"]
[BlackTeam "Russland"]
[WhiteTeamCountry "KAZ"]
[BlackTeamCountry "RUS"]

1. d4 d5 2. Nf3 Nf6 3. c4 dxc4 4. e3 a6 5. Bxc4 e6 6. O-O c5 7. Nc3 Nc6 8. Qe2 cxd4 9. Rd1 Be7 10. exd4 O-O 11. a4 Nb4 12. Ne5 b6 13. Qf3 Rb8 14. Qg3 Bb7 15. Bh6 Ne8 16. Rac1 Kh8 17. Bf4 Ra8 18. Qh3 Nc7 19. Rd3 Ncd5 20. Rf3 Nxf4 21. Rxf4 Bg5 22. Rxf7 Bh6 23. Rd7 Qe8 24. Rxb7 Bxc1 25. Re7 h6 26. Rxe8 Rfxe8 27. Bxe6 Bxb2 28. Nf7+ Kh7 29. Ng5+ Kh8 30. Qf5 1-0

[Event "Chigorin Memorial 2018"]
[Site "St. Petersburg"]
[Date "2018.11.02"]
[Round "7.54"]
[White "Kavyev, Ruslan"]
[Black "Yeritsyan, Aram"]
[Result "0-1"]
[WhiteElo "2145"]
[BlackElo "2325"]
[PlyCount "158"]
[EventDate "2018.10.27"]
[EventType "swiss"]
[EventCountry "RUS"]
[WhiteTeam "Russland"]
[BlackTeam "Russland"]
[WhiteTeamCountry "RUS"]
[BlackTeamCountry "RUS"]

1. f4 Nf6 2. Nf3 d6 3. g3 Nbd7 4. Bg2 g6 5. O-O Bg7 6. d3 e5 7. e4 c6 8. Kh1 exf4 9. Bxf4 Nc5 10. e5 dxe5 11. Bxe5 O-O 12. Nbd2 Ng4 13. Bxg7 Kxg7 14. Qe1 Re8 15. Ne4 Nxe4 16. dxe4 Qb6 17. Qc3+ Kg8 18. Ng5 Re7 19. Nxf7 Rxf7 20. Rxf7 Kxf7 21. Rf1+ Bf5 22. h3 Ne3 23. Rf3 Re8 24. exf5 gxf5 25. g4 Kg6 26. Bf1 Nxf1 27. gxf5+ Kh5 28. Qg7 Ng3+ 29. Qxg3 Qd4 30. f6 Qd1+ 31. Kg2 Qxc2+ 32. Rf2 Qg6 33. Qg4+ Qxg4+ 34. hxg4+ Kg6 35. Rf5 a6 36. Kg3 Rf8 37. Rf2 Rxf6 38. Rd2 Rf7 39. Rd8 Kf6 40. b3 Ke5 41. Kh4 Rf2 42. Rd7 b5 43. Kg5 Rxa2 44. Rxh7 a5 45. Re7+ Kd6 46. Re3 c5 47. Kf5 c4 48. bxc4 b4 49. g5 Rf2+ 50. Ke4 Rg2 51. Rd3+ Kc6 52. Rd5 a4 53. Rb5 b3 54. Kf3 Rxg5 55. Rxg5 a3 56. Rb5 a2 57. Rxb3 a1=Q 58. Ke3 Kc5 59. Rd3 Kxc4 60. Rd2 Qc3+ 61. Ke2 Qg3 62. Rc2+ Kd4 63. Rd2+ Ke4 64. Kd1 Qb3+ 65. Ke2 Qf3+ 66. Ke1 Qh1+ 67. Ke2 Qg1 68. Rc2 Qg2+ 69. Kd1 Qf1+ 70. Kd2 Kd4 71. Rb2 Qf2+ 72. Kc1 Qe1+ 73. Kc2 Kc4 74. Ra2 Qe2+ 75. Kb1 Qd1+ 76. Kb2 Kb4 77. Ra8 Qd2+ 78. Kb1 Qe1+ 79. Kc2 Qe4+ 0-1

[Event "Chigorin Memorial 2018"]
[Site "St. Petersburg"]
[Date "2018.11.02"]
[Round "7.55"]
[White "Tahay, Alexis"]
[Black "Fedotov, Alexey"]
[Result "1-0"]
[WhiteElo "2312"]
[BlackElo "2057"]
[PlyCount "217"]
[EventDate "2018.10.27"]
[EventType "swiss"]
[EventCountry "RUS"]
[WhiteTeam "Frankreich"]
[BlackTeam "Russland"]
[WhiteTeamCountry "FRA"]
[BlackTeamCountry "RUS"]

1. e4 c6 2. d4 d5 3. Nd2 dxe4 4. Nxe4 Nd7 5. Bc4 Ngf6 6. Nxf6+ Nxf6 7. c3 g6 8. Nf3 Bg7 9. O-O O-O 10. Bg5 Nd5 11. Re1 f6 12. Bd2 Qd6 13. Bb3 e6 14. c4 Nc7 15. Ba5 c5 16. Qd2 Na6 17. Rad1 b6 18. Bc3 Bb7 19. Qe2 Rae8 20. dxc5 Qxc5 21. a3 e5 22. Ba2 Rd8 23. Rxd8 Rxd8 24. Rd1 Qc7 25. b4 Kh8 26. h4 Nb8 27. h5 Rxd1+ 28. Qxd1 Qd7 29. Qxd7 Nxd7 30. Nh4 Be4 31. g4 gxh5 32. gxh5 f5 33. f3 Bd3 34. Kf2 f4 35. Ng2 Bf6 36. Bb3 Kg7 37. Ke1 Bf5 38. Ba4 Kh6 39. Ke2 Kg5 40. Bc6 Bh3 41. Ne1 Kxh5 42. Nd3 Kg5 43. c5 bxc5 44. bxc5 Be7 45. Bb4 Kf6 46. Be4 a5 47. Bxa5 Nxc5 48. Nxc5 Bxc5 49. a4 Bd7 50. Bd8+ Kg7 51. a5 h5 52. Bb6 Bb4 53. a6 Bb5+ 54. Bd3 Bxa6 55. Bxa6 h4 56. Bc8 Kg6 57. Kd3 Be1 58. Ke4 Bc3 59. Bh3 Bb2 60. Bd8 Ba1 61. Bxh4 Bc3 62. Bg4 Bb2 63. Kd5 Bc3 64. Bd8 Bb2 65. Ke6 Bc3 66. Bc7 Kg5 67. Bxe5 Bd2 68. Bf6+ Kg6 69. Bh4 Bc3 70. Kd5 Bd2 71. Ke4 Bc1 72. Bf5+ Kh5 73. Bf6 Bd2 74. Ke5 Bc3+ 75. Ke6 Bd2 76. Kf7 Kh6 77. Bg4 Bc1 78. Bd8 Bb2 79. Bd7 Kh5 80. Ke6 Kg6 81. Be8+ Kh6 82. Kf5 Bc1 83. Bg5+ Kg7 84. Bxf4 Ba3 85. Bb5 Kf7 86. Bc4+ Kf8 87. Ke6 Bb2 88. Bd6+ Kg8 89. f4 Kh7 90. f5 Kh6 91. Be5 Ba3 92. f6 Kg5 93. f7 Bf8 94. Bd3 Kh6 95. Bf6 Kh5 96. Bf5 Kh6 97. Kd7 Kh5 98. Ke8 Bh6 99. Ke7 Bd2 100. f8=Q Bb4+ 101. Kf7 Bxf8 102. Kxf8 Kh6 103. Ke7 Kh5 104. Kf7 Kh6 105. Bg4 Kh7 106. Bg5 Kh8 107. Bc1 Kh7 108. Bf5+ Kh8 109. Bb2# 1-0